Les prénoms des présentateurs du JT de 13 heures de France 2 - Statistiques

Statistiques générales
  • Ce quiz a été pris 46 fois
  • Le résultat moyen est 20 sur 41
Statistiques - réponses
DATES Prénom et Nom % Correct
Hommes 2006-2017 / 2019-2021 {Laurent} Delahousse
90%
Femmes 2008-2016 {Marie} Drucker
85%
Hommes 1979-1981 {Léon} Zitrone
82%
Femmes 2005-2016 {Elise} Lucet
77%
Hommes 1982-1987 {Noël} Mamère
77%
Hommes 2000-2001 {Gérard} Holtz
74%
Hommes 2017-2024 {Thomas} Sotto
74%
Hommes 2004-2005 {Christophe} Hondelatte
72%
Hommes 1994-1997 {Bruno} Masure
69%
Hommes 1986-1989 {William} Leymergie
64%
Femmes 1998-2007 {Béatrice} Schönberg
62%
Femmes 2014-2020 {Marie-Sophie} Lacarrau
62%
Hommes 2011-2020 / 2021-? {Julian} Bugier
56%
Hommes 2017 - 2019-? {Julien} Benedetto
56%
Hommes 1981-1982 {Philippe} Labro
56%
Hommes 1990-1992 {Philippe} Lefait
56%
Femmes 1998-2000 / 2004 {Carole} Gaessier
54%
Hommes 1981-1985 / 1987-1990 / 1994-1997 / 2001-2004 {Daniel} Bilalian
54%
Hommes 2009-? {Nathanaël} de Rincquesen
54%
Hommes 1995-1998 {Patrick} Chêne
54%
Hommes 1979-1981 {Patrick} Lecocq
54%
Hommes 2003-2004 {François} Brabant
51%
Femmes 1999-2008 {Françoise} Laborde
49%
Hommes 1992-1994 {Paul} Amar
49%
Hommes 1990 / 1992-1994 {Henri} Sannier
46%
Hommes 1998 / 2004-2005 {Benoît} Duquesne
44%
Hommes 2016-? {Jean-Baptiste} Marteau
44%
Femmes 2016-? {Leila} Kaddour-Boudadi
44%
Femmes 2008 / 2016-? {Sophie} Le Saint
44%
Hommes 1998-2000 {Rachid} Arhab
38%
Hommes 2005-2010 {Olivier} Galzi
31%
Hommes 2005-2008 - 2021-? {David} Boéri
26%
Femmes 2019-21 {Karine} Baste-Régis
23%
Hommes 1994-1995 {Etienne} Leenhardt
21%
Hommes 1985-1986 / 1990-1992 {Hervé} Claude
21%
Femmes 2002-2004 {Laurence} Ostolaza
18%
Femmes 1992-1993 / 1997-1998 / 2008 {Laurence} Piquet
18%
Hommes 1981-1982 {Bernard} Langlois
15%
Femmes 2018-2019 {Estelle} Colin
5%
Femmes 1986-1989 {Patricia} Charnelet
5%
Hommes 2020 {Djamel} Mazi
3%
Aucun quiz correspondant
Distribution des résultats
% des personnes avec chaque résultat
Percentile par nombre de réponses
Votre historique - résultats
Vous n’avez pas pris ce quiz